Datum a čas kvízu
32.5
Celkem bodů
Celkový počet nahraných bodů na tomto kvízu bez doplňovacích otázek.
3.
Pořadí na kvízu
Konečné umístění týmu na tomto kvízu.
Zaznamenané odpovědi
| # | Otázka | Odpověď | Body | Výsledky |
|---|---|---|---|---|
| 1. | V pondělí byla v kapli svatého... | Vratislav Mynář | 1 | |
| 2. | Který stát, jehož premiéra vid... | Švédsko | 1 | |
| 3. | Minulý týden jsme se dozvěděli... | Markéta Irglová | 1 | |
| 4. | Česká národní banka oznámila,... | 1 000 Kč | 1 | |
| 5. | Automobilová legenda, trojnáso... | Carlos Sainz | 1 | |
| 6. | Mnemotechnická pomůcka je slov... | v chemii | 1 | |
| 7. | Na základě mnemotechnické pomů... | (slon) indický, (slon) africký | 1 | |
| 8. | S využitím pomocné věty „Sám u... | 5 a 3 | 1 | |
| 9. | Uveďte větu o třech slovech, k... | Šetři se osle. | 1 | |
| 10. | Co má pomoci si zapamatovat vě... | římské číslice | 1 |